Liquid-Liquid Equilibria

Gespeichert in:
Bibliographische Detailangaben
Hauptverfasser: Pick, Jiří (Verfasst von), Matouš, Jaroslav (Verfasst von), Novák, Jozef P (Verfasst von)
Format: Buch
Veröffentlicht: Praha : Academia, 1987
Tags: Tag hinzufügen
Keine Tags, Fügen Sie das erste Tag hinzu!

MARC

LEADER 00000nam a22000003a 4500
001 stu19512
005 20150617225751.8
008 ------s1987----cs----------------------d
040 |a STU  |b slo 
041 0
044 |a cs 
080 |a 541.123.2  |7 stu_us_auth*stu5370 
080 |a 614.7 
100 1 |a Pick, Jiří  |4 aut 
245 1 |a Liquid-Liquid Equilibria 
260 |a Praha :  |b Academia,  |c 1987 
300 |a 320 s :  |b Grafy,lit.,index 
700 1 |a Matouš, Jaroslav  |4 aut 
700 1 |a Novák, Jozef P  |4 aut 
996 |c V*33237/O-13505  |l VV17  |s P  |a 0  |w stu19512_0001 
996 |b C77729  |c C*77729  |l CCXVIII  |s P  |a 0  |w stu19512_0002 
996 |b C77730  |c C*77730  |l CCXVIII  |s P  |a 0  |w stu19512_0003 
996 |b C77739  |c C*77739  |l CCVIIIB  |s P  |a 0  |w stu19512_0004